zpět

Detail výsledku týmu

Simply Coffee, Pardubice

Datum a čas kvízu

30 Celkem bodů Celkový počet nahraných bodů na tomto kvízu bez doplňovacích otázek.
4. Pořadí na kvízu Konečné umístění týmu na tomto kvízu.

Zaznamenané odpovědi

# Otázka Odpověď Body Výsledky
1. V obci Hlubyně bylo minulý týd... o telefonní budce 1
2. Minulý týden se uskutečnil sum... v Ženevě 1
3. Jedna česká zpěvačka se díky s... Ewa Farna 1
4. Jeden evropský automobilový vý... Dacia 1
5. Druhý gól Patrika Schicka do s... levou nohou 1
6. Právě probíhající Mistrovství... Wembley 0
7. Dalším městem, kde se turnaj k... grachty 1
8. Pohled na další ze stadionů si... v Budapešti 1
9. Ne všechny zápasy mistrovství... Baku 0
10. Přiřaďte následující hrací sta... 1B 2A 3D 4C 1